000 00399 a2200169 4500
260 _aBruxelles, Paris
260 _bMaloine, Prodim
245 _aTechniques psychiatriques en kinésithérapie
650 _aKINESITHERAPIE
650 _aPSYCHIATRIE
100 _aDacos, J. P.
260 _c1984
035 _a9440
999 _c18603
_d18603